01177nam a22002057a 4500003000900000008004100009040007100050082002500121245012100146260003700267300004600304440005200350505036900402650002700771650002800798650002000826700002600846700002300872710007600895AR-CdUCM190429b ||||| |||| 00| 0 spa d aMUNICIPALIDAD PROVINCIAL DEL CUSCOcBIBLIOTECA MUNICIPAL DEL CUSCO aCultivando/N°2/2011 aCultivando valores :bRevista Magisterial /cAsociación Provincial de Profesores de Educación primaria del Cusco aCusco.bCasa del Maestro,c2011. a104 páginas. :bilustraciones ;c29 cm. aCultivando valores.nAño II, N°02, 2011-2012 aContenido: Fundadores Asociación Provincial de Profesores de Educación Primaria del Cusco. -- Casa del Maestro patrimonio institucional. -- Pasado presente del Cusco legendario. -- Origen del nombre de las calles del Cusco colonial. -- Homenaje a Clorinda Matto de Turner. -- Asentamiento de los Killki. -- Nuevo tipo de contaminación ambiental en Cusco. ... aHistoria institucional aClorinda Matto deTurner aHistoria urbana aBarreda Murillo, Luis aCarreño, Ángel aAsociación Provincial de Profesores de Educación Primaria del Cusco